000 01512cam a2200421Ia 4500
001 42877
005 20230410103807.0
008 820624s1971 ag b 001 0 spa d
035 _a(OCoLC)ocm08546751
040 _aBUF
_cBUF
_dEL$
_dOCL
_dOCLCQ
_dDIBAM
_dDRFGD
035 _a(OCoLC)8546751
041 1 _aspa
_hrus
043 _ae-ur---
050 1 4 _a338 DK 266
_bT858n 1971
049 _aGRAL
100 1 _aTrotsky, Leon,
_d1879-1940.
240 1 0 _aSelections.
_lSpanish.
_f1971
245 1 3 _aEl nuevo curso ; Problemas de la vida cotidiana /
_cLeón Trotski ; [traducción, María Teresa Poyrazián y Mónica Virasoro.
250 _a1. ed.
260 _aCórdoba :
_bEdiciones Pasado y Presente,
_c1971.
300 _a236 p. ;
_c20 cm.
490 0 _aCuadernos de pasado y presente ;
_v27
504 _aIncludes bibliographical references and index.
651 0 _aSoviet Union
_xPolitics and government
_y1917-1936.
650 0 _aCommunism
_zSoviet Union.
650 4 _aPartidos políticos
_zRusia.
650 4 _aFamilia
_zRusia.
651 4 _aRusia
_xVida social y costumbres.
651 7 _aUNION SOVIETICA
_xHISTORIA
_yREVOLUCION, 1917-1921.
_2renib
651 7 _aUNION SOVIETICA
_xHISTORIA
_y1917-1936.
_2renib
651 7 _aUNION SOVIETICA
_xCONDICIONES SOCIALES
_y1917-1936.
_2renib
700 1 2 _aTrotsky, Leon,
_d1879-1940.
_tNovyæi kurs.
_lSpanish.
740 0 1 _aNuevo curso.
942 _2lcc
_cbk
946 _acsexposito
740 0 1 _aProblemas de la vida cotidiana.
994 _aC0
_bDRFGD
999 _c25931
_d25931